Clear Circles on the World Map by Main City #4 - Statistics

General Stats
  • This quiz has been taken 428 times
  • The average score is 521 of 844
Answers on the Map
Answers color-coded by a green-red scale on the quiz's map according to % correct below.
 
Answer Stats
Circle % Correct
2 - London, Paris
93%
3 - London, Paris, Milan
93%
Hamburg
93%
London
93%
Newcastle
93%
Paris
93%
Tralee
93%
2 - Moscow, Saint Petersburg
92%
2 - New York, Chicago
92%
3 - New York, Boston, Halifax
92%
Boston
92%
Greater Sudbury
92%
Halifax
92%
New York
92%
Quebec
92%
Saint Petersburg
92%
Sault Ste. Marie
92%
Washington
92%
2 - Moscow, Kiev
91%
2 - Tokyo, Osaka
91%
2 - Tokyo, Seoul
91%
3 - Los Angeles, San Francisco, Phoenix
91%
3 - Moscow, Nizhny Novgorod, Arkhangel'sk
91%
3 - Moscow, Nizhny Novgorod, Samara
91%
3 - Paris, Milan, Naples
91%
Barcelona
91%
Kiev
91%
Los Angeles
91%
Milan
91%
Moscow
91%
Nizhny Novgorod
91%
Osaka
91%
Salinas
91%
San Francisco
91%
Sendai
91%
Seoul
91%
Tijuana
91%
Tokyo
91%
Volgograd
91%
2 - Madrid, Barcelona
90%
2 - Mexico City, Guadalajara
90%
2 - Mexico City, Guatemala City
90%
3 - Seattle, Vancouver, Calgary
90%
3 - Stockholm, Copenhagen, Oslo
90%
Calgary
90%
Copenhagen
90%
Edmonton
90%
Guadalajara
90%
Guatemala City
90%
Madrid
90%
Mérida
90%
Mexico City
90%
Prince George
90%
Seattle
90%
Stockholm
90%
Surrey
90%
Umea
90%
Vancouver
90%
2 - Madrid, Casablanca
89%
3 - Berlin, Hamburg, Budapest
89%
3 - Copenhagen, Oslo, Trondheim
89%
Agadir
89%
Alesund
89%
Berlin
89%
Budapest
89%
Casablanca
89%
Marrakesh
89%
Oslo
89%
Trondheim
89%
2 - Shanghai, Beijing
88%
3 - Bangkok, George Town, Port Blair
88%
3 - Cairo, Alexandria, Athens
88%
3 - Istanbul, Ankara, Bucharest
88%
3 - Miami, Tampa, Havana
88%
3 - Naples, Rome, Budapest
88%
3 - San Francisco, Seattle, Salt Lake City
88%
3 - São Paulo, Rio de Janeiro, Vitória
88%
Alexandria
88%
Ankara
88%
Banda Aceh
88%
Bucharest
88%
Curitiba
88%
Florianopolis
88%
George Town
88%
Havana
88%
Istanbul
88%
Miami
88%
Naples
88%
Nassau
88%
Port Blair
88%
Portland
88%
Redding
88%
Rio de Janeiro
88%
Rome
88%
São Paulo
88%
Shanghai
88%
Tampa
88%
Vancouver
88%
Vitória
88%
Zhumadian
88%
3 - Bogotá, Medellín, Caracas
87%
3 - Buenos Aires, Montevideo, Bahia Blanca
87%
3 - Dallas, Houston, Atlanta
87%
3 - Halifax, Sydney, Saint John's
87%
3 - Sydney, Saint John's, Happy Valley-Goose Bay
87%
Bahia Blanca
87%
Barcelona
87%
Caracas
87%
Ciudad Guayana
87%
Dallas
87%
Happy Valley-Goose Bay
87%
Maracaibo
87%
Saint John's
87%
Sydney
87%
2 - Buenos Aires, Porto Alegre
86%
2 - Lima, Arequipa
86%
2 - Lima, Guayaquil
86%
2 - Sydney, Brisbane
86%
2 - Sydney, Melbourne
86%
3 - Beijing, Tianjin, Shenyang
86%
3 - Cairo, Alexandria, Al Jawf
86%
3 - Delhi, Kolkata, Kathmandu
86%
3 - Jakarta, Bandung, Surabaya
86%
Adelaide
86%
Adelaide Hills
86%
Bandung
86%
Beijing
86%
Buenos Aires
86%
Cairo
86%
Delhi
86%
Flying Fish Cove
86%
Huancayo
86%
Jakarta
86%
Kathmandu
86%
Lima
86%
Montevideo
86%
Pelotas
86%
Porto Alegre
86%
Semarang
86%
Shenyang
86%
Sydney
86%
Tianjin
86%
2 - Algiers, Tunis
85%
2 - Delhi, Karachi
85%
2 - Guangzhou, Manila
85%
2 - Johannesburg, Durban
85%
2 - Santiago, Córdoba
85%
3 - Athens, Tunis, Benghazi
85%
3 - Belo Horizonte, Brasília, Salvador
85%
3 - Dallas, Phoenix, Denver
85%
3 - Port-au-Prince, Havana, Kingston
85%
3 - Reykjavik, Kopavogur, Akureyri
85%
3 - Washington, Atlanta, Charlotte
85%
Ahmedabad
85%
Ajdabiya
85%
Akureyri
85%
Algiers
85%
Athens
85%
Atlanta
85%
Basco
85%
Belo Horizonte
85%
Benghazi
85%
Brasília
85%
Charlotte
85%
Ciudad Juárez
85%
Constitucion
85%
Córdoba
85%
Egilsstadir
85%
Goiânia
85%
Isafjoerdur
85%
Johannesburg
85%
Karachi
85%
Kingston
85%
Kopavogur
85%
Krugersdorp
85%
Manila
85%
Naga
85%
Norfolk
85%
Ouargla
85%
Phoenix
85%
Quetta
85%
Quezon City
85%
Reykjavik
85%
Salvador
85%
Santiago
85%
Soweto
85%
Tunis
85%
Valparaíso
85%
Vina del Mar
85%
Virginia Beach
85%
Vitória da Conquista
85%
2 - Auckland, Wellington
84%
2 - Bangkok, Ho Chi Minh City
84%
2 - Bangkok, Yangon
84%
2 - Chicago, Minneapolis
84%
2 - Dhaka, Bangkok
84%
3 - Auckland, Wellington, Waitangi
84%
3 - Bogotá, Cali, Iquitos
84%
3 - Bogotá, Medellín, Puerto Ayora
84%
3 - Riyadh, Kuwait City, Dubai
84%
Al Ain
84%
Auckland
84%
Bangkok
84%
Bogotá
84%
Cali
84%
Chicago
84%
Christchurch
84%
Dubai
84%
George Town
84%
Gisborne
84%
Guayaquil
84%
Ho Chi Minh City
84%
Manukau City
84%
Minneapolis
84%
Muscat
84%
Waitangi
84%
Wellington
84%
Yangon
84%
2 - Delhi, Lahore
83%
3 - Lagos, Accra, Yaoundé
83%
3 - Manila, Quezon City, Kota Kinabalu
83%
3 - Singapore, Kuala Lumpur, Kuching
83%
Cebu
83%
Kota Kinabalu
83%
Kuala Lumpur
83%
Kuching
83%
Legaspi
83%
Singapore
83%
Yaoundé
83%
2 - Cape Town, Port Elizabeth
82%
2 - Guangzhou, Shanghai
82%
2 - Seoul, Shenyang
82%
3 - Lagos, Accra, Kano
82%
3 - Perth, Rockingham, Kalgoorlie
82%
3 - Portland, Vancouver, Redding
82%
3 - São Paulo, Curitiba, Asunción
82%
Albany
82%
Asunción
82%
Bredasdorp
82%
Campo Grande
82%
Cape Town
82%
Daqing
82%
Geraldton
82%
Guangzhou
82%
Harbin
82%
Hermanus
82%
Kalgoorlie
82%
Kano
82%
Lagos
82%
Niamey
82%
Perth
82%
Rockingham
82%
Taipei
82%
2 - Mumbai, Bangalore
81%
2 - Tehran, Baghdad
81%
3 - Auckland, Manukau City, Kingston
81%
3 - Honolulu, Pearl City, Hilo
81%
3 - Melbourne, Geelong, Hobart
81%
Baghdad
81%
Geelong
81%
Hilo
81%
Hobart
81%
Honolulu
81%
Kingston
81%
Launceston
81%
Melbourne
81%
Pearl City
81%
Tabriz
81%
2 - Mumbai, Ahmedabad
80%
2 - Riyadh, Jeddah
80%
3 - Dhaka, Kolkata, Kunming
80%
3 - Kinshasa, Luanda, Mbuji-Mayi
80%
4 - Tijuana, Tijuana, Hermosillo, La Paz
80%
4 - Vancouver, Surrey, Prince George, Terrace
80%
Dhaka
80%
Kinshasa
80%
Kolkata
80%
Kuwait City
80%
Luanda
80%
Mbuji-Mayi
80%
Mumbai
80%
Riyadh
80%
Terrace
80%
2 - Addis Ababa, Sana'a
79%
2 - Nairobi, Mogadishu
79%
3 - Dakar, Nouakchott, Praia
79%
3 - Houston, Monterrey, Mérida
79%
3 - Nassau, Puerto Plata, George Town
79%
3 - Santo Domingo, Port-au-Prince, Kingston
79%
Addis Ababa
79%
Bosaso
79%
Ceeldheer
79%
Dakar
79%
Gaalkacyo
79%
Houston
79%
Mindelo
79%
Mogadishu
79%
Nouakchott
79%
Port-au-Prince
79%
Praia
79%
Puerto Plata
79%
Santo Domingo
79%
2 - Denver, Salt Lake City
78%
2 - Khartoum, Addis Ababa
78%
Denver
78%
Salt Lake City
78%
2 - Dakar, Conakry
77%
2 - Kinshasa, Yaoundé
77%
2 - Tehran, Mashhad
77%
3 - Anchorage, Fairbanks, Juneau
77%
3 - Auckland, Manukau City, Gisborne
77%
3 - Bangalore, Chennai, Colombo
77%
Ashgabat
77%
Bangalore
77%
Bangui
77%
Chennai
77%
Coimbatore
77%
Colombo
77%
Conakry
77%
Kochi
77%
Mashhad
77%
Tehran
77%
2 - Guangzhou, Chengdu
76%
3 - Brasília, Goiânia, Campo Grande
76%
Kunming
76%
2 - Jeddah, Sana'a
75%
2 - La Paz, Santa Cruz
75%
3 - Anchorage, Eagle River, Bethel
75%
3 - Antananarivo, Toamasina, Port Louis
75%
3 - Ciudad Guayana, Barcelona, Georgetown
75%
3 - Dar es Salaam, Mombasa, Antsiranana
75%
3 - Khartoum, Omdurman, Asmara
75%
Al Mukalla
75%
Anchorage
75%
Arequipa
75%
Asmara
75%
Bethel
75%
Bridgetown
75%
Cargados Carajos
75%
Dar es Salaam
75%
Eagle River
75%
Georgetown
75%
Jeddah
75%
Khartoum
75%
La Paz
75%
Mombasa
75%
Omdurman
75%
Sana'a
75%
Santa Cruz
75%
2 - Guatemala City, San José
74%
2 - Taipei, Naha
74%
3 - Colombo, Colombo, Male
74%
3 - Nairobi, Kampala, Kisangani
74%
Kampala
74%
Kisangani
74%
Naha
74%
Nairobi
74%
3 - Abidjan, Accra, Bamako
73%
3 - Brisbane, Gold Coast, Mackay
73%
3 - Calgary, Edmonton, Winnipeg
73%
3 - Medellín, Maracaibo, San José
73%
Abidjan
73%
Accra
73%
Bamako
73%
Brisbane
73%
Gold Coast
73%
Medellín
73%
Ouagadougou
73%
Prince Albert
73%
San José
73%
2 - Luanda, Pointe-Noire
72%
3 - Antananarivo, Antsirabe, Toliara
72%
3 - Antananarivo, Blantyre, Antsiranana
72%
3 - Baku, Tabriz, Volgograd
72%
3 - Dar es Salaam, Lubumbashi, Mbuji-Mayi
72%
3 - Guadalajara, Monterrey, Ciudad Juárez
72%
3 - Kuala Lumpur, Medan, Banda Aceh
72%
Antananarivo
72%
Antsirabe
72%
Antsiranana
72%
Fianarantsoa
72%
Hermosillo
72%
La Paz
72%
Medan
72%
Monterrey
72%
Pointe-Noire
72%
Toamasina
72%
Toliara
72%
2 - Ulaanbaatar, Irkutsk
71%
3 - Suva, Lautoka, Apia
71%
Apia
71%
Irkutsk
71%
Lautoka
71%
Mata-Utu
71%
Suva
71%
Ulaanbaatar
71%
2 - Ceeldheer, Victoria
70%
3 - Baku, Ashgabat, Nukus
70%
3 - Port Moresby, Lae, Honiara
70%
4 - Coimbatore, Kochi, Male, Kavaratti
70%
4 - Muscat, Al Ain, Al Mukalla, Salalah
70%
Alotau
70%
Auki
70%
Baku
70%
Honiara
70%
Kavaratti
70%
Kokopo
70%
Nukus
70%
Salalah
70%
2 - Male, Fuvahmulah
69%
2 - Suva, Nuku'alofa
69%
3 - Juneau, Whitehorse, Norman Wells
69%
3 - Lusaka, Harare, Lilongwe
69%
3 - Noumea, Port Vila, Kingston
69%
4 - Baotou, Ulaanbaatar, Ordos, Hovd
69%
Baotou
69%
Blantyre
69%
Dumbea
69%
Fuvahmulah
69%
Harare
69%
Hovd
69%
Juneau
69%
Lilongwe
69%
Lubumbashi
69%
Lusaka
69%
Male
69%
Noumea
69%
Nuku'alofa
69%
Ordos
69%
Whitehorse
69%
3 - Adelaide, Adelaide Hills, Kalgoorlie
68%
3 - Chengdu, Xi'an, Zhumadian
68%
3 - San Francisco, San Francisco, Salinas
68%
Chengdu
68%
Xi'an
68%
Xining
68%
1 - Georgetown
67%
Georgetown
67%
1 - Victoria
66%
2 - Abidjan, Accra
66%
2 - Port Moresby, Jayapura
66%
3 - Fianarantsoa, Port Louis, Saint-Denis
66%
3 - Krugersdorp, Windhoek, Rundu
66%
3 - N'Djamena, Maiduguri, Bangui
66%
Kousseri
66%
Lae
66%
Maiduguri
66%
N'Djamena
66%
Port Louis
66%
Port Moresby
66%
Saint-Denis
66%
Swakopmund
66%
Victoria
66%
Walvis Bay
66%
Windhoek
66%
2 - Bamako, Ouagadougou
65%
2 - Tashkent, Almaty
65%
Tashkent
65%
2 - Belém, Manaus
64%
3 - Ambon, Kupang, Darwin
64%
3 - Darwin, Palmerston, Nhulunbuy
64%
4 - Glasgow, Newcastle, Lerwick, Torshavn
64%
Ambon
64%
Darwin
64%
Glasgow
64%
Lerwick
64%
Manaus
64%
Palmerston
64%
Tennant Creek
64%
Torshavn
64%
2 - Nuuk, Sisimiut
63%
Ilulissat
63%
Maniitsoq
63%
Nuuk
63%
Sisimiut
63%
Uummannaq
63%
2 - Manaus, Porto Velho
62%
2 - Recife, Fortaleza
62%
3 - Kano, Niamey, Tamanrasset
62%
3 - Lusaka, Huambo, Rundu
62%
3 - Minneapolis, Winnipeg, Thompson
62%
3 - Nuuk, Maniitsoq, Paamiut
62%
3 - Sapporo, Sendai, Yuzhno-Sakhalinsk
62%
Aracaju
62%
Benguela
62%
Fernando de Noronha
62%
Fortaleza
62%
Huambo
62%
Kuril'sk
62%
Lobito
62%
Lubango
62%
Recife
62%
Rundu
62%
Sapporo
62%
Thunder Bay
62%
Winnipeg
62%
Yuzhno-Sakhalinsk
62%
3 - Durban, Port Elizabeth, Soweto
61%
Durban
61%
Port Elizabeth
61%
2 - Christchurch, Dunedin
60%
4 - Lahore, Faisalabad, Mashhad, Quetta
60%
Dunedin
60%
Faisalabad
60%
Lahore
60%
2 - Fortaleza, Belém
59%
2 - Praia, Mindelo
59%
2 - Ürümqi, Almaty
59%
3 - N'Djamena, Kousseri, Bilma
59%
Almaty
59%
Belém
59%
Bilma
59%
Shihezi
59%
3 - Port Vila, Dumbea, Lata
58%
4 - Quebec, Saguenay, Labrador City, Happy Valley-Goose Bay
58%
Labrador City
58%
Port Vila
58%
Saguenay
58%
2 - Hobart, Launceston
57%
3 - Honiara, Auki, Lata
56%
3 - Townsville, Mackay, Alice Springs
56%
Bowen
56%
Lata
56%
Mackay
56%
Mount Isa
56%
2 - Alice Springs, Tennant Creek
55%
3 - Salvador, Aracaju, Vitória da Conquista
55%
3 - Tarawa, Majuro, Arijejen
55%
Alice Springs
55%
Arijejen
55%
Betio Village
55%
Makin Village
55%
Tarawa
55%
2 - Novosibirsk, Omsk
54%
Novosibirsk
54%
3 - Fort McMurray, Prince Albert, Yellowknife
53%
3 - Fort McMurray, Prince George, Yellowknife
53%
Fort McMurray
53%
Yellowknife
53%
2 - Yellowknife, Kugluktuk
52%
3 - Fairbanks, Badger, Barrow
52%
Barrow
52%
Kugluktuk
52%
2 - Bridgetown, Fort-de-France
51%
3 - Fairbanks, Badger, Inuvik
51%
3 - Ürümqi, Shihezi, Hovd
51%
3 - Virginia Beach, Norfolk, Saint George's
51%
4 - Agadir, Marrakesh, Las Palmas de Gran Canaria, Taoudenni
51%
4 - Santa Cruz de Tenerife, La Laguna, Funchal, Ponta Delgada
51%
4 - Surabaya, Semarang, Makassar, Kupang
51%
Badger
51%
Fairbanks
51%
Fort-de-France
51%
Funchal
51%
Jiayuguan
51%
Kupang
51%
Makassar
51%
Saint George's
51%
Surabaya
51%
Taoudenni
51%
Ürümqi
51%
Waingapu
51%
3 - Cebu, Davao, Koror State
50%
3 - Funafuti, Mata-Utu, Atafu Village
50%
3 - Yekaterinburg, Chelyabinsk, Samara
50%
Atafu Village
50%
Chelyabinsk
50%
Davao
50%
Funafuti
50%
General Santos
50%
Koror State
50%
Samara
50%
1 - Edinburgh of the Seven Seas
49%
Edinburgh of the Seven Seas
49%
1 - Saint George's
48%
3 - Las Palmas de Gran Canaria, Santa Cruz de Tenerife, Dakhla
48%
3 - Yekaterinburg, Chelyabinsk, Surgut
48%
Dakhla
48%
La Laguna
48%
Las Palmas de Gran Canaria
48%
Santa Cruz de Tenerife
48%
Surgut
48%
3 - Majuro, Ebaye, Tofol
47%
3 - Novosibirsk, Tomsk, Surgut
47%
3 - Oulu, Umea, Tromso
47%
3 - Townsville, Cairns, Mount Isa
47%
3 - Yekaterinburg, Chelyabinsk, Syktyvkar
47%
Aur
47%
Bodo
47%
Cairns
47%
Ebaye
47%
Majuro
47%
Nhulunbuy
47%
Noyabrsk
47%
Syktyvkar
47%
Tofol
47%
Tomsk
47%
Townsville
47%
Tromso
47%
Ukhta
47%
Yekaterinburg
47%
2 - Majuro, Aur
46%
2 - Murmansk, Oulu
46%
Murmansk
46%
Oulu
46%
3 - Porto Alegre, Florianopolis, Pelotas
45%
3 - Tarawa, Betio Village, Makin Village
45%
3 - Trondheim, Alesund, Bodo
45%
3 - Benghazi, Ajdabiya, Al Jawf
44%
3 - Chelyabinsk, Omsk, Karagandy
44%
Al Jawf
44%
Karagandy
44%
Omsk
44%
Sabha
44%
3 - Harbin, Daqing, Khabarovsk
43%
Bei'an
43%
Khabarovsk
43%
3 - Faaa, Papeete, Atuona
42%
3 - Faaa, Papeete, Avarua
42%
Faaa
42%
Papeete
42%
3 - Arkhangel'sk, Severodvinsk, Nar'yan-Mar
40%
3 - Makassar, Balikpapan, Kuching
40%
3 - Valparaíso, Vina del Mar, Constitucion
40%
Arkhangel'sk
40%
Balikpapan
40%
Severodvinsk
40%
3 - Waingapu, Port Hedland, Broome
39%
Broome
39%
1 - Barrow
38%
3 - Greater Sudbury, Thunder Bay, Sault Ste. Marie
38%
3 - Krasnoyarsk, Tomsk, Tura
36%
3 - Torshavn, Egilsstadir, Olonkinbyen
36%
3 - Yakutsk, Markha, Tiksi
36%
4 - Concepción, Bahia Blanca, Neuquen, Comodoro Rivadavia
36%
Batagay
36%
Concepción
36%
Krasnoyarsk
36%
Neuquen
36%
Olonkinbyen
36%
Puerto Montt
36%
Temuco
36%
Tiksi
36%
2 - Yakutsk, Neryungri
35%
3 - Noril'sk, Noyabrsk, Dikson
35%
3 - Punta Arenas, Rio Gallegos, Ushuaia
35%
Markha
35%
Neryungri
35%
Novyy Urengoy
35%
Ushuaia
35%
Yakutsk
35%
3 - Geraldton, Port Hedland, Carnarvon
34%
3 - Krasnoyarsk, Novokuznetsk, Altay
34%
Altay
34%
Carnarvon
34%
Novokuznetsk
34%
Port Hedland
34%
1 - Stanley
33%
3 - Magadan, Okha, Ust-Nera
33%
Stanley
33%
Susuman
33%
2 - Comodoro Rivadavia, Punta Arenas
32%
3 - General Santos, Manado, Ambon
32%
Comodoro Rivadavia
32%
El Calafate
32%
Manado
32%
Puerto Natales
32%
Punta Arenas
32%
Rio Gallegos
32%
1 - Flying Fish Cove
31%
3 - Iquitos, Huancayo, Porto Velho
31%
Iquitos
31%
Porto Velho
31%
1 - Olonkinbyen
30%
1 - Waitangi
30%
2 - Walvis Bay, Swakopmund
30%
3 - Khabarovsk, Komsomolsk-on-Amur, Nikolayevsk-on-Amur
30%
3 - Saipan, Dededo Village, Weno
30%
Dededo Village
30%
Komsomolsk-on-Amur
30%
Nikolayevsk-on-Amur
30%
Okha
30%
1 - Carnarvon
29%
1 - Jamestown
29%
1 - Longyearbyen
29%
2 - Isafjoerdur, Tasiilaq
29%
3 - Iqaluit, Pangnirtung, Clyde River
29%
3 - Sabha, Ouargla, Tamanrasset
29%
4 - Qiqihar, Bei'an, Chita, Hailar
29%
Chita
29%
Clyde River
29%
Hailar
29%
Jamestown
29%
Longyearbyen
29%
Pangnirtung
29%
Qiqihar
29%
Tamanrasset
29%
1 - Albany
28%
1 - Hanga Roa
28%
1 - Kugluktuk
28%
2 - Saipan, Dededo Village
28%
3 - Kokopo, Kavieng, Kolonia
28%
3 - Lobito, Benguela, Lubango
28%
3 - Ukhta, Vorkuta, Nar'yan-Mar
28%
Hanga Roa
28%
Kavieng
28%
Nar'yan-Mar
28%
Saipan
28%
1 - Tralee
27%
2 - Rankin Inlet, Gjoa Haven
27%
2 - Rikitea, Adamstown
27%
2 - Temuco, Puerto Montt
27%
3 - Legaspi, Naga, Basco
27%
Adamstown
27%
Gjoa Haven
27%
Rikitea
27%
1 - McMurdo Station
26%
1 - Port Mathurin
26%
2 - Bosaso, Gaalkacyo
26%
2 - Bowen, Alotau
26%
2 - Hermanus, Bredasdorp
26%
2 - Novyy Urengoy, Vorkuta
26%
2 - Port Mathurin, Cargados Carajos
26%
3 - Noril'sk, Talnakh, Tura
26%
3 - Ust-Nera, Susuman, Batagay
26%
3 - Xining, Jiayuguan, Qamdo
26%
McMurdo Station
26%
Noril'sk
26%
Port Mathurin
26%
Qamdo
26%
Talnakh
26%
Ust-Nera
26%
Vorkuta
26%
1 - Iqaluit
25%
1 - Tiksi
25%
2 - Avarua, Moerai
25%
2 - Uummannaq, Upernavik
25%
3 - Petropavlovsk-Kamchatsky, Yelizovo, Klyuchi
25%
Avarua
25%
Iqaluit
25%
Moerai
25%
Petropavlovsk-Kamchatsky
25%
Upernavik
25%
Vilyuchinsk
25%
Yelizovo
25%
1 - Fernando de Noronha
24%
1 - Kuril'sk
24%
2 - Ilulissat, Tasiilaq
24%
2 - Magadan, Klyuchi
24%
2 - Ponta Delgada, Angra do Heroismo
24%
2 - Thompson, Rankin Inlet
24%
3 - Inuvik, Fort McPherson, Norman Wells
24%
3 - San Miguel de Tucuman, Salta, Antofagasta
24%
Angra do Heroismo
24%
Antofagasta
24%
Fort McPherson
24%
Inuvik
24%
Klyuchi
24%
Magadan
24%
Norman Wells
24%
Omsukchan
24%
Palana
24%
Ponta Delgada
24%
Rankin Inlet
24%
Salta
24%
San Miguel de Tucuman
24%
Tasiilaq
24%
Thompson
24%
1 - Port-aux-Francais
23%
2 - Mirny, Aykhal
23%
2 - Puerto Natales, El Calafate
23%
2 - Weno, Tofol
23%
3 - Petropavlovsk-Kamchatsky, Vilyuchinsk, Ust'-Kamchatsk Staryy
23%
4 - Aykhal, Udachny, Tura, Khatanga
23%
4 - Bratsk, Ust'-Ilimsk, Mirny, Tura
23%
Aykhal
23%
Bratsk
23%
Khatanga
23%
Kolonia
23%
Port-aux-Francais
23%
Saskylakh
23%
Tura
23%
Udachny
23%
Ust'-Ilimsk
23%
Weno
23%
1 - Khatanga
22%
1 - Puerto Ayora
21%
1 - West Island
21%
2 - Neryungri, Mirny
21%
2 - Rikitea, Moerai
21%
3 - Jayapura, Abepura, Lorengau
21%
Abepura
21%
Jayapura
21%
Lorengau
21%
Mirny
21%
Puerto Ayora
21%
West Island
21%
1 - Clyde River
20%
2 - Anadyr, Provideniya
20%
Anadyr
20%
Provideniya
20%
1 - Grytviken
19%
2 - Atuona, Taiohae
19%
Atuona
19%
Grytviken
19%
Taiohae
19%
1 - Saskylakh
18%
3 - Klyuchi, Ust'-Kamchatsk Staryy, Palana
18%
3 - Omsukchan, Cherskiy, Zyryanka
18%
Cherskiy
18%
Ust'-Kamchatsk Staryy
18%
Zyryanka
18%
1 - Dikson
17%
Dikson
17%
2 - Tabwakea Village, Napari Village
16%
Napari Village
16%
Tabwakea Village
16%
1 - Sand Point
15%
Sand Point
15%
1 - Napari Village
14%
2 - Qaqortoq, Paamiut
14%
Paamiut
14%
Qaqortoq
14%
2 - Bilibino, Pevek
12%
Bilibino
12%
Pevek
12%
No matching quizzes found
Score Distribution
Percent of People with Each Score
Percentile by Number Answered
Your Score History
You have not taken this quiz